000 01033cam a22003373a 4500
001 12506299
003 OSt
005 20160727144834.0
008 980217s1998 nyua c 000 1 eng d
010 _a 99610956
020 _a0671002805
035 _a97959
035 _a(OCoLC)ocm38452725
040 _aJDP
_cJDP
_dSLC
_dLEO
_dDLC
042 _alccopycat
050 0 0 _aPZ 7
_b.M647 1998
082 _aKF
_bM61p 1998
100 1 _aMiller, Judi
_96779
245 1 0 _aPurple is my game, Morgan is my name /
_cJudi Miller.
260 _aNew York :
_bPocket Books,
_cc1998.
300 _a118 p. ;
_c19 cm.
500 _a"A Minstrel Book."
520 _aMorgan wanted many things, a new name, boyfriend, dog, and her divorced parents to bet back together.
562 _e1
655 7 _aChildren's stories.
_2lcsh
_93012
710 2 _aCopyright Paperback Collection (Library of Congress)
_5DLC
_9705
906 _a7
_bcbc
_ccopycat
_d2
_encip
_f20
_gy-genrareb
942 _2lcc
_cBK
999 _c8282
_d8282